| 000 | 00692nam a2200181 i 4500 | ||
|---|---|---|---|
| 001 | 37729 | ||
| 003 | ES-MaACL | ||
| 007 | t| | ||
| 008 | 030221s1985 sp ||||1| spa d | ||
| 020 | _a84-7016-311-6 | ||
| 100 | 1 |
_aCaballero Gea, José-Alfredo. _933107 |
|
| 245 | 1 | 0 |
_aDerecho penal _b: problemática judicial : síntesis y ordenación de las sentencias dictadas en apelación por las Audiencias Provinciales, doctrinas de la Fiscalía General del Estado... / _cpor José-Alfredo Caballero Gea. |
| 260 |
_aPamplona : _bAranzadi, _c1985. |
||
| 300 |
_a1519 p. ; _c24 cm. |
||
| 500 | _aAp. de actualización : p. 1301-1519. | ||
| 500 | _aIndices. | ||
| 852 |
_aES-MaACL _jL-8785 _bR.110605 |
||
| 999 |
_c37729 _d37729 |
||